000 00267nam a2200109Ia 4500
008 190216s9999||||xx |||||||||||||| ||und||
100 _aMahathma Gandhi
245 0 _aGarhika Jeevitham Vol I
260 _bGandi Smaraka Nidhi
650 _aEssay Malayalam
942 _cBK
999 _c24689
_d24689